000 00444nam a2200169 i 4500
001 bgj
100 1 _aDAILEY, Janet.
245 1 0 _aFiesta San Antonio /
_cJanet Dailey.
260 _aToronto etc. :
_bHarlequin Books,
_c1977.
300 _a188 pp ;
_c18 cm.
490 1 _aHarlequin Presents ... ;
_v(192)
830 _aHarlequin Presents ... ;
040 _cBPK
041 0 _aeng
942 _cKS
008 s uk f |000 0 eng
999 _c48336
_d48336
856 _uhttp://koha.tu.koszalin.pl/cgi-bin/koha/opac-detail.pl?biblionumber=48336
_yKatalog online BPK